00368 2200133 4500001002100000005001500021035002000036007000300056008004100059020002200100100001800122245008800140260000600228INLIS00000000000043220221102074527 a0010-1122000026ta221102 a 0 ind  a978-623-7868-80-40 aPutra Perdana1 aSeri Rukun Iman: Al-Quran dan Kitab Terdahulu :bIman Kepada Kitab /cPutra Perdana aj